| 000 | 00870nas a2200277 4500 | ||
|---|---|---|---|
| 001 | BR2019001563 | ||
| 003 | BR-BrBNA | ||
| 005 | 20231205131933.0 | ||
| 007 | ta | ||
| 008 | 230509b bl.|||p| |||| 00| 00por d | ||
| 040 |
_aBR-BrBNA _bpor _cBiblioteca Nacional de Agricultura |
||
| 041 | _a(Pt) | ||
| 072 | _aL02; L51; L01 | ||
| 100 | 1 | _aLlamossas C., A. | |
| 245 | 1 | _aEfeito da ureia como suplemento proteico da casca do fruto do cacaueiro como volumoso exclusivo para vacas em lactação | |
| 650 | _aTHEOBROMA CACAO | ||
| 650 | _aFRUTO | ||
| 650 | _aCASCA | ||
| 650 | _aUREIA | ||
| 650 | _aRAÇÃO | ||
| 650 | _aNUTRIÇÃO ANIMAL | ||
| 773 | 0 |
_tRevista Theobroma (Brazil) _xISSN 0370-7962 _g(Jan-Mar 1988), v. 18(1) p. 53-66 _wBR2019001563 |
|
| 856 | 4 | 0 | _dLink DSPACE/MAPA BR2019001563 |
| 909 |
_a202311 _bLúcia _c55 _dLúcia Elande |
||
| 942 |
_2AGRIS _n0 _cANA |
||
| 999 |
_c257576 _d257576 |
||